000 00323nam a22001337a 4500
008 180224b xxu||||| |||| 00| 0 eng d
020 _a685002001
041 _aeng
080 _a338
100 _a53
101 _aMNG
245 _aStrategic Management in Public and Nonprofit Organizations
_cKoteen, J
942 _2udc
_cBK
999 _c43360
_d43360